| 000 | 00676nam a22002297a 4500 | ||
|---|---|---|---|
| 003 | OSt | ||
| 005 | 20250819132149.0 | ||
| 008 | 250808s2009 ag ||||| |||| 00| 1 spa d | ||
| 020 | _a978-987-1210-38-1 | ||
| 040 | _cbesoc | ||
| 080 | _082-312.4(485) | ||
| 100 | 1 |
_aMankell, Henning, _d1948-2015 _eautor |
|
| 245 | 1 | 0 |
_aAntes de que hiele / _cHenning Mankell ; traducción del sueco de Carmen Montes Cano. |
| 250 | _a1ª reimpresión argentina. | ||
| 260 |
_aBuenos Aires : _bTusquets, _c2007. |
||
| 300 |
_a 573 p. ; _c19 cm. |
||
| 490 | 0 |
_aColección andanzas _v598 |
|
| 648 | 4 | _aSiglo XXI | |
| 650 | 4 | _aLiteratura sueca | |
| 655 | 4 | _aNovela policial | |
| 942 |
_2udc _cLPD _n0 |
||
| 999 |
_c549 _d549 |
||